• 首页
  • 本馆介绍
  • 公告通知
  • 最新文献
  • 馆藏检索
  • 电子资源
  • 读者导购
  • 参考咨询
  • 我的图书馆
  • 登录
  • 详细信息显示
  • 放入我的书架
  • 预约/预借图书
  • 作者相关作品
  • 分类相关作品
  • 丛书相关作品
  • 出版社相关作品

书目信息

  • 表格格式
  • 工作单格式
  • 卡片格式
题名:
整体统一论
    
 
作者: 辛丑丑 , 辛勤 著
分册:  
出版信息: 北京   经济日报出版社  2016
页数: 382页
开本: 24cm
丛书名: 中国社科·大学经典文库
单 册:
中图分类: B024.4
科图分类:
主题词: 同一--研究
电子资源:
ISBN: 978-7-5196-0037-2
000 01043oam2 2200265 450
001 012001004799
005 20140928162350.0
010    @a978-7-5196-0037-2@b精装@dCNY88.00
100    @a20170802d2016 em y0chiy50 ea
101 0  @achi
102    @aCN@b110000
105    @ay z 000yy
106    @ar
200 1  @a整体统一论@9zheng ti tong yi lun@f辛丑丑,辛勤著
210    @a北京@c经济日报出版社@d2016
215    @a382页@d24cm
225 1  @a中国社科·大学经典文库
330    @a本书作者提出了客观世界的九个物质属性整体统一观和五行整体统一运行观,并依据哲学和自然社会科学的持续发展的材料,证明了这一观点的科学性,从而表明了以易经为代表的古代哲学关于“天人合一”的思想内涵,表明了以马克思主义为代表的近现代哲学关于人及人类社会与自然相一致的思想内涵,同时也表明了中、西文化的承继发展关系。
461  0 @12001 @a中国社科·大学经典文库
606 0  @a同一@x研究
690    @aB024.4@v5
701  0 @a辛丑丑@9xin chou chou@4著
701  0 @a辛勤@9xin qin@c(哲学)@4著
801  0 @aCN@b上海新华@c20180901
905    @b1167037-41@dB024.4@e134@f5
    
    整体统一论/辛丑丑,辛勤著.-北京:经济日报出版社,2016
    382页;24cm.-(中国社科·大学经典文库)
    
    
    ISBN 978-7-5196-0037-2(精装):CNY88.00
    本书作者提出了客观世界的九个物质属性整体统一观和五行整体统一运行观,并依据哲学和自然社会科学的持续发展的材料,证明了这一观点的科学性,从而表明了以易经为代表的古代哲学关于“天人合一”的思想内涵,表明了以马克思主义为代表的近现代哲学关于人及人类社会与自然相一致的思想内涵,同时也表明了中、西文化的承继发展关系。
●
相关链接 在E读中查询图书 在五车中查询图书 在当当中查询图书 在豆瓣中查询图书


正题名:整体统一论     索取号:B024.4/134         预约/预借

序号 登录号 条形码 馆藏地/架位号 状态 备注
1 1167037   211670379   第一样本阅览室/ [索取号:B024.4/134] 在馆    
2 1167038   211670388   第一借阅区/ [索取号:B024.4/134] 在馆    
3 1167039   211670397   第一借阅区/ [索取号:B024.4/134] 在馆    
4 1167040   211670404   第一借阅区/ [索取号:B024.4/134] 在馆    
5 1167041   211670413   第一借阅区/ [索取号:B024.4/134] 在馆    
唐山师范学院图书馆 欢迎您!
大连网信软件有限公司© 版权所有